Cambridge essential science : Teacher CD- ROM
保存先:
| 第一著者: | |
|---|---|
| フォーマット: | 図書 |
| 言語: | Undetermined |
| 出版事項: |
Cambridge
Cambridge University Press
2003
|
| 主題: | |
| タグ: |
タグ追加
タグなし, このレコードへの初めてのタグを付けませんか!
|
| Thư viện lưu trữ: | Trung tâm Học liệu Trường Đại học Cần Thơ |
|---|
| LEADER | 00608nam a2200217Ia 4500 | ||
|---|---|---|---|
| 001 | CTU_102670 | ||
| 008 | 210402s9999 xx 000 0 und d | ||
| 020 | |c 36.12 | ||
| 082 | |a 500 | ||
| 082 | |b H263/B.1 | ||
| 100 | |a Harding, John | ||
| 245 | 0 | |a Cambridge essential science : | |
| 245 | 0 | |b Teacher CD- ROM | |
| 245 | 0 | |c John Harding, Gayl O'Conner | |
| 260 | |a Cambridge | ||
| 260 | |b Cambridge University Press | ||
| 260 | |c 2003 | ||
| 650 | |a Science,Science | ||
| 650 | |x Study and teaching,Problems, exercise, etc | ||
| 904 | |i Năm | ||
| 980 | |a Trung tâm Học liệu Trường Đại học Cần Thơ | ||